000 00298nam a22001337a 4500
008 170831b xxu||||| |||| 00| 0 eng d
020 _a9780967588704
041 _aeng
080 _a070
100 _a40
101 _aMED
245 _aSHERMAN'S 21 LAWS OF SPEAKING
_cSHERMAN,R
942 _2udc
_cBK
999 _c25710
_d25710